[Event "EU-ch Hybrid U10"]
[Site "Tornelo INT"]
[Date "2021.10.15"]
[Round "4"]
[White "Vyshegorodtsev, Svyatoslav"]
[Black "Nalbandian, David"]
[Result "0-1"]
[WhiteElo "1271"]
[BlackElo "1058"]
[PlyCount "38"]
[EventDate "2021.10.15"]
[EventType "swiss"]
[EventRounds "9"]
[EventCountry "NET"]
[SourceTitle "EXT 2023"]
[Source "ChessBase"]
[SourceDate "2022.10.05"]
[SourceVersion "1"]
[SourceVersionDate "2022.10.05"]
[SourceQuality "1"]
[WhiteTeam "Russia"]
[BlackTeam "Russia"]
[WhiteTeamCountry "RUS"]
[BlackTeamCountry "RUS"]

1. e4 e5 2. Nf3 Nc6 3. Bc4 Nf6 4. Ng5 Bc5 5. Nxf7 Bxf2+ 6. Kf1 Qe7 7. Nxh8 Qc5 8. d3 d5 9. exd5 Bh4 10. Qf3 e4 11. Qe3 Qf8 12. Qf4 g5 13. Qd2 Ng4+ 14. Ke2 Qf2+ 15. Kd1 Ne3+ 16. Qxe3 Bg4+ 17. Qf3 exf3 18. Be3 fxg2+ 19. Kc1 gxh1R# 0-1